1405 1611 1151 1739 1515 1234 1822 1149 1037 1873 1845 1821 1424 1362 1258 1045 1368 1382 1095 1584 1742 1907 1651 1452 1523 1281 1420 1127 1716 1181 1170 1638 1884 1057 1140 1589 1459 1446 1551 1798 1221 1442 1179 1486 1057 1870 1896 1767 1526 1759 1465 1548 1842 1033 1892 1467 1910 1755 1477 1985 1910 1764 1361 1585 1354 1554 1690 1744 1095 1925 1609 1099 1300 1609 1095 1312 1448 1810 1606 1697 1738 1779 1352 1960 1300 1434 1276 1428 1387 1353 1631 1487 1740 1888 1691 1305 1835 1856 1607 BCNSPRNW ULIB Ver.6.0+V

เปลี่ยนเป็นภาษาไทย

Change to English
 แสดงรายละเอียดบรรณานุกรม
  กลับหน้าหลัก

Brief Record : Get Marc (ISO 2709) : E-mail record : QR code < ปิดหน้าต่าง
LEADER : 00000nam 2200000uu 4500
001    13399122414
003     ULIB
008    130418s||||||||th 000 0 tha d
020    ^a9786110600880
090    ^aนว.^bค181 2552
100 0  ^aรวมนักเขียน
245 00 ^aความรู้สึกดีที่เรียกว่ารัก : เข็นความรักของฉันมาให้ ส่งถึงหน้าประตูหัวใจของเธอ/^cรวมนักเขียน
250    ^aพิมพ์ครั้งที่ 2
260    ^aกรุงเทพฯ :^bแจ่มใส,^c2552
300    ^a239 หน้า
710 1  ^aแจ่มใส
945    ^p149^l0^i026032
995    ^aกัณชพร
999 ^a ใช้งานได้ทุกระบบ
รายการนี้ยังไม่มีแท็ก
คุณยังไม่ได้ล็อกอิน คุณสามารถมีกิจกรรมร่วมกับเว็บไซต์ได้ แต่ต้องล็อกอินก่อน ::
  ล็อกอิน

รายการสื่อสารสนเทศ

ลำดับที่ ประเภท เลขเรียก/บาร์โค้ด สถานที่ สถานะ
1. นวนิยาย
นวนิยาย
นว. ค181 2552  
  Barcode: 026032
ห้องสมุดวิทยาเขตสวรรค์ประชารักษ์
►นวนิยาย
บนชั้น
  ขอยืม

รายการใกล้เคียง
    ผู้แต่ง [รวมนักเขียน]

BibComment


ยังไม่เคยถูกคอมเมนท์

คอมเมนท์ทรัพยากรรายการนี้
  คอมเมนท์: ความรู้สึกดีที่เ..


 Copyright 2026. Bcnsprnw @Library